000 00349nam a2200145Ia 4500
008 230917s9999||||xx |||||||||||||| ||und||
040 _e147505
_aMAIN
041 _aEnglish
082 _a301.440954 W 691I
100 _aWilson, John
245 0 _aIndian castes
260 _aNew Delhi
_bDeep Publications
_c1976
300 _a450 p.
942 _cBK
999 _c165721
_d165721